Statistics for Most Common First Six Letters of Countries

Click here to take the quiz!

General Stats

  • This quiz has been taken 86 times
  • The average score is 12 of 13

Answer Stats

Country % Correct
DO{MINI}
96%
UN{ITED}
96%
United Kingdom
91%
Guinea
91%
GU{INEA}
91%
United States
91%
Dominica
90%
Dominican Republic
90%
United Arab Emirates
87%
Guinea-Bissau
86%
MA{URIT}
83%
Mauritius
81%
Mauritania
79%

Score Distribution

Percentile by Number Answered

Percent of People with Each Score

Your Score History

You have not taken this quiz